Desarrollo de un sistema de información web para la gestión y control de créditos de vehículos en la empresa Moreira Rent a Car

Presenta el desarrollo de un sistema de información web para la gestión y control de crédito de vehículos de Moreira Rent a Car. La implementación del sistema de información web, el personal encargado del seguimiento de crédito evitaría pérdidas de tiempo y obtendría mejor organización e...

Full description

Bibliographic Details
Main Authors: Amador Scott, Bárbara, Gutiérrez Corea, Julio Daniel, Corrales Zepeda, Denis José
Other Authors: Tutor: Chávez Toruño, Ariel Eduardo
Format: Tesis Section = Libro
Language:Undetermined
Spanish
Published: Managua UNI 2017
Subjects:
LEADER 01407nam a2200289Ia 4500
008 240830s9999 xx 000 0 und d
040 |a BIBLIOTECA-RUPAP Mon 005.1 A481 
041 |a spa 
082 |a Mon 005.1 A481 
100 1 |a Amador Scott, Bárbara 
100 1 |b  Gutiérrez Corea, Julio Daniel 
100 1 |c  Corrales Zepeda, Denis José 
245 1 0 |a Desarrollo de un sistema de información web para la gestión y control de créditos de vehículos en la empresa Moreira Rent a Car 
260 |a Managua  |b UNI  |c 2017 
300 |a 67 p. :il. 
500 |a Contiene: anexos y CD. 
502 |a Tesis (Ingeniero de Sistemas)- UNI, 2017. 
520 3 |a Presenta el desarrollo de un sistema de información web para la gestión y control de crédito de vehículos de Moreira Rent a Car. La implementación del sistema de información web, el personal encargado del seguimiento de crédito evitaría pérdidas de tiempo y obtendría mejor organización en el manejo de los archivos e información de los clientes y datos de créditos. 
650 7 |a SISTEMAS DE INFORMACION WEB-DESARROLLO 
650 7 |b GESTION Y CONTROL DE CREDITOS DE VEHICULOS-INFORMACION 
650 7 |c APLICACIÓN WEB 
650 7 |d BASES DE DATOS 
650 7 |e LENGUAJE DE PROGRAMACION PARA COMPUTADOR 
700 1 |a Tutor:  |b Chávez Toruño, Ariel Eduardo 
942 |c BK  |2 ddc 
991 |a TESIS 
999 |c 15282